مكتبة جامعة عجلون الوطنية

فهرس بحث المكتبة

Normal view MARC view
  • الفقه الاسلامي- معاملات- قانون مدني

Entry Topical Term

Number of records used in: 1

001 - CONTROL NUMBER

  • control field: 21393

003 - CONTROL NUMBER IDENTIFIER

  • control field: JO-AjAnu

005 - DATE AND TIME OF LATEST TRANSACTION

  • control field: 20230606073716.0

008 - FIXED-LENGTH DATA ELEMENTS

  • fixed length control field: 230606|| aca||aabn | a|a d

040 ## - CATALOGING SOURCE

  • Original cataloging agency: JO-AjAnu
  • Transcribing agency: JO-AjAnu

150 ## - HEADING--TOPICAL TERM

  • Topical term or geographic name entry element: الفقه الاسلامي- معاملات- قانون مدني

670 ## - SOURCE DATA FOUND

  • Source citation: Work cat.: (JO-AjAnu)10990: عزام، طارق صالح يوسف, author 21392, أثر العيب في المعاملات المالية :دراسة مقارنة بين الفقه الإسلامي والقانون المدني